000 01505cam a22004574i 4500
003 PE-LiUPU
005 20250731172928.0
008 s19711968 r 000 0 eng d
035 _a(Sirsi) a204062
040 _aPE-LiUPU
_bspa
_cPE-LiUPU
_erda
049 _aPRUA
082 0 4 _a224.1
_bL53
_220
100 1 _aLeupold, H. C.,
_eautor.
245 _aExposition of ISAIAH /
_cH. C. Leupold.
264 _aMichigan :
_bBaker House,
_c1971.
264 1 _aMichigan :
_bBaker House,
_c1968.
300 _c19 centímetros.
336 _text
_2rdacontent
337 _unmediated
_2rdamedia
338 _volume
_2rdacarrier
490 0 _aCALVIN'S COMENTARIES
505 0 _aChapters 40-66.
505 0 _aChapters 1-39.
526 _aSEG42
526 _aSEG41
526 _aSEG40
526 _aSEG39
526 _aP94
526 _aP87
526 _aP86
526 _aP85
526 _aP77
526 _aP76
526 _aP35
650 0 4 _aIsaias
_xAntiguo testamento
596 _a1
942 _2ddc
_cBOOK
999 _a224.1 L53
_wLC
_c20442
_i76005
_d20442
_e2017-11-5
_f2021-11-11
_g4
_lCCODEBUL1
_mBUL
_n1
_p3.00
_q4
_r0
_sY
_tBOOK
_u2017-5-25
_xTEOLOGIA
_PP85
_0DONACION
_o.STAFF. Colección Teología
999 _a224.1 L53
_wLC
_c2
_i76267
_d2022-7-6
_f2021-11-11
_g4
_lCCODEBUL1
_mBUL
_p3.00
_q8
_r0
_sY
_tBOOK
_u2017-6-16
_xTEOLOGIA
_PP85
_0DONACION
_o.STAFF. Colección Teología
980 _81
_gALBERTO SANCHEZ Responsable de Automatización